| 000 | 00634nam a2200253 a 4500 | ||
|---|---|---|---|
| 001 | nice12345678 | ||
| 003 | IN_TiNIC | ||
| 005 | 20260116014003.0 | ||
| 008 | 050524s1989 newa grp 000 0 eng | ||
| 020 |
_a0679951 _c410 |
||
| 082 | 0 | 0 |
_a150 _bJUN2 |
| 100 | _aJung, Carl G | ||
| 245 | _aMemories, Dreams, Reflections | ||
| 260 |
_aNew York _bVintage Books _c1989 |
||
| 300 | _a430p. | ||
| 500 | _aincludes index and biblioraphy | ||
| 505 | 2 | _aAcknowledgments | |
| 650 | _aPsychology-Jung | ||
| 700 | 1 | _aRichard Andclara Winston | |
| 700 | 1 | _aJaffe, Aniela | |
| 902 | _bSRS | ||
| 942 | _cBK | ||
| 999 |
_c13385 _d13385 |
||